000 00204 a2200097 4500
001 47029
100 _aSmyth J
245 _aBefore the Dawn
260 _aLondon
_bCassell & Co
_c
090 _c30097
_d30097
942 _aNUST-CAE
_cM
_c22333
999 _c282102
_d282102